01422nam a2200361Ia 4500001001200000003000800012006001900020007001500039008004100054010001700095020001800112020001500130020001800145024001800163040002100181035002100202050002400223082001500247100002600262245006900288260005600357300002500413500002000438533015200458610007500610650005500685650005700740650007200797655002900869710001700898856012600915999001901041ebr10160243CaPaEBRm u cr cn|||||||||070517s2007 maua s 001 0 eng d z 2006907926 z9781598637847 z1598633511 z97815986335113 z9781598633511 aCaPaEBRcCaPaEBR a(OCoLC)56798164314aQA76.3b.A64 2007eb04a004.162221 aAndrews, Jean,d1946-10aCompTIA A+ 2006 in depthh[electronic resource] /cJean Andrews. aBoston, Mass. :bThomson Course Technology,cc2007. alii, 1307 p. :bill. aIncludes index. aElectronic reproduction.bPalo Alto, Calif. :cebrary,d2009.nAvailable via World Wide Web.nAccess may be limited to ebrary affiliated libraries.20aComputing Technology Industry AssociationxExaminationsvStudy guides. 0aComputer techniciansxCertificationvStudy guides. 0aElectronic data processing personnelxCertification. 0aMicrocomputersxMaintenance and repairxExaminationsvStudy guides. 7aElectronic books.2local2 aebrary, Inc.40uhttp://site.ebrary.com/lib/rucke/Doc?id=10160243zAn electronic book accessible through the World Wide Web; click to view c243671d243671